[Event "GER-ch U25-B"]
[Site "Willingen"]
[Date "2023.06.02"]
[Round "8"]
[White "Sensoy, Emir"]
[Black "Jacoby, Angelina"]
[Result "1-0"]
[WhiteElo "1418"]
[BlackElo "1583"]
[PlyCount "137"]
[EventDate "2023.05.27"]
[EventType "swiss"]
[EventRounds "9"]
[EventCountry "GER"]
[SourceTitle "CBM 214 Extra"]
[Source "ChessBase"]
[SourceDate "2023.07.31"]
[SourceVersion "1"]
[SourceVersionDate "2023.07.31"]
[SourceQuality "1"]

1. e4 e5 2. Nf3 Nc6 3. Bc4 Bc5 4. c3 Nf6 5. d3 d6 6. Nbd2 a6 7. a3 Ba7 8. 0-0 0-0 9. h3 h6 10. b4 Re8 11. Bb2 d5 12. exd5 Nxd5 13. Ne4 Be6 14. Re1 Nf4 15. Bxe6 Nxe6 16. Qc2 Nf8 17. Rad1 Qd7 18. d4 exd4 19. Nxd4 Nxd4 20. cxd4 Rad8 21. Nc5 Qc8 22. Qc3 f6 23. Qg3 Kh8 24. Ne4 Bb8 25. d5 Qf5 26. Qg4 Qxg4 27. hxg4 Nd7 28. Ng3 Nb6 29. Rxe8+ Rxe8 30. Nf5 Kh7 31. Ne3 Rd8 32. Kf1 Ba7 33. d6 Rxd6 34. Rxd6 cxd6 35. Bd4 Nc8 36. Bxa7 Nxa7 37. Ke2 Nb5 38. Nc4 d5 39. Nb6 Nc7 40. Kd3 Kg6 41. a4 Kf7 42. a5 Ke6 43. Na4 Kd6 44. Nc5 Kc6 45. Ke3 b6 46. axb6 Kxb6 47. Kd4 Kc6 48. f4 a5 49. Nd3 Nb5+ 50. Ke3 a4 51. Nc5 a3 52. Kd3 g5 53. g3 Kd6 54. Nb7+ Ke6 55. Nc5+ Kf7 56. Kc2 Kg6 57. f5+ Kf7 58. Kb3 Ke7 59. Na4 d4 60. Nc5 Kd6 61. Kc4 Ke5 62. Kd3 Kd5 63. Nb3 a2 64. Kc2 Kc4 65. Kb2 Nc3 66. b5 Nxb5 67. Kxa2 Kc3 68. Nc5 Kc2 69. Nb3 1-0

[Event "GER-ch U16 Girls"]
[Site "Willingen"]
[Date "2020.10.24"]
[Round "7"]
[White "Jacoby, Angelina"]
[Black "Doll, Rebecca"]
[Result "1/2-1/2"]
[WhiteElo "1630"]
[BlackElo "1808"]
[PlyCount "153"]
[EventDate "2020.10.19"]
[EventType "swiss"]
[EventRounds "7"]
[EventCountry "GER"]
[SourceTitle "EXT 2022"]
[Source "ChessBase"]
[SourceDate "2021.10.06"]
[SourceVersion "1"]
[SourceVersionDate "2021.10.06"]
[SourceQuality "1"]

1. d4 d5 2. Bf4 Nf6 3. e3 e6 4. Nf3 c5 5. c3 Nc6 6. Nbd2 cxd4 7. exd4 Nh5 8. Bg5 f6 9. Bh4 Be7 10. Be2 Nf4 11. 0-0 0-0 12. Ne1 e5 13. dxe5 fxe5 14. Bg3 Nxe2+ 15. Qxe2 Bd6 16. Nb3 Qf6 17. Rd1 Be6 18. Qb5 Qf7 19. Nc5 a6 20. Qb6 Bc8 21. Ned3 Bc7 22. Qb3 b6 23. Na4 Be6 24. Qc2 Rac8 25. b3 Qg6 26. Qe2 Rce8 27. Nc1 Ra8 28. Nd3 Rfe8 29. f3 Bf5 30. Nc1 Qf7 31. Bf2 b5 32. Nc5 Ne7 33. N5d3 Ng6 34. Nb4 Nf4 35. Qd2 Red8 36. Ne2 a5 37. Nc2 Ng6 38. Ng3 Nf4 39. Nxf5 Qxf5 40. Ne3 Qg6 41. Bg3 Bb6 42. Kh1 d4 43. cxd4 exd4 44. Bxf4 dxe3 45. Qe2 Qe8 46. Rfe1 Rac8 47. h3 Rxd1 48. Rxd1 Rc3 49. Kg1 Qc8 50. Re1 Qf5 51. Qb2 e2+ 52. Kh1 Rc2 53. Qb1 Qd3 54. Bg3 Bd4 55. Kh2 Qd2 56. a3 Rb2 57. Qe4 Qe3 58. Qd5+ Kf8 59. Qxb5 Rxb3 60. Qxe2 Qxe2 61. Rxe2 Kf7 62. Ra2 a4 63. Bd6 Ke6 64. Bb4 Kd5 65. Kg3 Rb2 66. Rxb2 Bxb2 67. Kf2 Kc4 68. Ke2 Kb3 69. Kd3 Be5 70. Bf8 Bb2 71. g3 Ba1 72. f4 Bb2 73. g4 Ba1 74. f5 Bf6 75. Bc5 g6 76. fxg6 hxg6 77. Ke4 1/2-1/2

[Event "GER-chT Lands U20"]
[Site "Berlin"]
[Date "2020.09.30"]
[Round "1.5"]
[White "Kempe, Caius Emilian"]
[Black "Jacoby, Angelina"]
[Result "1-0"]
[WhiteElo "1910"]
[BlackElo "1630"]
[PlyCount "92"]
[EventDate "2020.09.29"]
[EventType "team-swiss"]
[EventRounds "7"]
[EventCountry "GER"]
[SourceTitle "CBM 198 Extra"]
[Source "ChessBase"]
[SourceDate "2020.11.30"]
[SourceVersion "1"]
[SourceVersionDate "2020.11.30"]
[SourceQuality "1"]
[WhiteTeam "Sachsen U20"]
[BlackTeam "Brandenburg U20"]
[WhiteTeamCountry "GER"]
[BlackTeamCountry "GER"]

1. b3 d5 2. Bb2 Bf5 3. e3 e6 4. Nf3 h6 5. Be2 Nf6 6. 0-0 Be7 7. Ne5 Nbd7 8. f4 0-0 9. d3 c5 10. Nd2 Nxe5 11. fxe5 Nd7 12. Bg4 Bh7 13. Qe2 Bg5 14. Nf3 Be7 15. Rf2 Rc8 16. Raf1 Qc7 17. c4 Nb6 18. Nd2 Qd7 19. d4 dxc4 20. Nxc4 Nxc4 21. bxc4 cxd4 22. exd4 Qc6 23. Rc1 Rcd8 24. Bf3 Qb6 25. Kh1 Bg5 26. Rd1 Qa6 27. a3 b6 28. Bc3 Rde8 29. d5 exd5 30. cxd5 Qxe2 31. Rxe2 Rd8 32. Ree1 Bc2 33. Rd4 Bf5 34. h4 Be7 35. Bd1 Bc5 36. Rf4 Bg6 37. Bb3 Rfe8 38. g4 b5 39. h5 Bh7 40. d6 Rf8 41. Ref1 Bd3 42. Bxf7+ Rxf7 43. Rxf7 Bxf1 44. Rxf1 Re8 45. Kg2 a6 46. Rc1 Ba7 1-0

[Event "GER-chT U20 Girls"]
[Site "Braunschweig"]
[Date "2019.12.30"]
[Round "7.8"]
[White "Jacoby, Angelina"]
[Black "Biermann, Sophie"]
[Result "1/2-1/2"]
[WhiteElo "1635"]
[BlackElo "1645"]
[PlyCount "51"]
[EventDate "2019.12.27"]
[EventType "team-swiss"]
[EventRounds "7"]
[EventCountry "GER"]
[SourceTitle "CBM 194 Extra"]
[Source "ChessBase"]
[SourceDate "2020.03.31"]
[SourceVersion "1"]
[SourceVersionDate "2020.03.31"]
[SourceQuality "1"]
[WhiteTeam "Leegebruch"]
[BlackTeam "Trier SG"]
[WhiteTeamCountry "GER"]
[BlackTeamCountry "GER"]

1. d4 d5 2. Bf4 Nf6 3. e3 c6 4. Bd3 Nbd7 5. Nf3 e6 6. c3 c5 7. Nbd2 b6 8. h3 Bb7 9. 0-0 Be7 10. Qe2 0-0 11. e4 dxe4 12. Nxe4 Bxe4 13. Bxe4 Nxe4 14. Qxe4 Nf6 15. Qe2 Qd5 16. a3 Qf5 17. Bh2 Nd5 18. Rad1 Rfd8 19. Rfe1 Rac8 20. Qe4 Qxe4 21. Rxe4 cxd4 22. Rexd4 Bf6 23. Be5 Bxe5 24. Nxe5 f6 25. Ng4 Re8 26. Kf1 1/2-1/2

[Event "GER-chT Lands U20"]
[Site "Wuerzburg"]
[Date "2019.10.04"]
[Round "5.7"]
[White "Jacoby, Angelina"]
[Black "Deuer, Marius"]
[Result "1/2-1/2"]
[WhiteElo "1635"]
[BlackElo "2024"]
[PlyCount "83"]
[EventDate "2019.10.01"]
[EventType "team-swiss"]
[EventRounds "7"]
[EventCountry "GER"]
[SourceTitle "EXT 2020"]
[Source "ChessBase"]
[SourceDate "2019.10.17"]
[SourceVersion "1"]
[SourceVersionDate "2019.10.17"]
[SourceQuality "1"]
[WhiteTeam "Brandenburg/Berlin"]
[BlackTeam "Wuerttemberg"]
[WhiteTeamCountry "GER"]
[BlackTeamCountry "GER"]

1. d4 Nf6 2. Bf4 g6 3. Nf3 Bg7 4. c3 0-0 5. h3 d6 6. e3 Nbd7 7. Be2 Nh5 8. Bh2 Qe8 9. 0-0 e5 10. dxe5 dxe5 11. Nbd2 b6 12. Bb5 Qe6 13. Ne4 h6 14. Qa4 a6 15. Bc4 Qe7 16. Qc6 Ra7 17. Qxg6 Nhf6 18. Nxf6+ Qxf6 19. Qxf6 Bxf6 20. Rfd1 Re8 21. Bd5 Nc5 22. Bc6 Re6 23. Bxe5 Rxc6 24. Bxf6 Rxf6 25. Rd8+ Kh7 26. Rxc8 Na4 27. Rb1 Rd6 28. Re8 c5 29. Kf1 Rad7 30. Ke1 f6 31. e4 Rg7 32. e5 fxe5 33. g3 c4 34. Rxe5 Rf7 35. Nd4 Nc5 36. Rf5 Nd3+ 37. Kd2 Rxf5 38. Nxf5 Rf6 39. Nd4 Rxf2+ 40. Ne2 Rh2 41. h4 Rf2 42. Ke3 1/2-1/2

[Event "GER-ch U16 Girls"]
[Site "Willingen"]
[Date "2019.06.14"]
[Round "8"]
[White "Sinnhoefer, Lilian"]
[Black "Jacoby, Angelina"]
[Result "1/2-1/2"]
[WhiteElo "1396"]
[BlackElo "1412"]
[PlyCount "50"]
[EventDate "2019.06.08"]
[EventType "swiss"]
[EventRounds "9"]
[EventCountry "GER"]
[SourceTitle "CBM 191 Extra"]
[Source "ChessBase"]
[SourceDate "2019.09.30"]
[SourceVersion "1"]
[SourceVersionDate "2019.09.30"]
[SourceQuality "1"]

1. e4 d6 2. d4 g6 3. c4 Nd7 4. Nc3 Ngf6 5. g3 Bg7 6. Bg2 0-0 7. Nf3 e5 8. 0-0 Qe7 9. b3 h6 10. Bb2 b6 11. dxe5 dxe5 12. Nd5 Nxd5 13. Qxd5 Ba6 14. Rad1 Rad8 15. Qc6 Nc5 16. Ba3 Rxd1 17. Rxd1 Rd8 18. Rxd8+ Qxd8 19. Bxc5 Qd1+ 20. Bf1 Qxf3 21. Be3 Kh7 22. Qxc7 Qxe4 23. Bg2 Qb1+ 24. Bf1 Qe4 25. Bg2 Qb1+ 1/2-1/2

[Event "GER-ch U16 Girls"]
[Site "Willingen"]
[Date "2019.06.13"]
[Round "7"]
[White "Jacoby, Angelina"]
[Black "Zell, Hannah"]
[Result "1/2-1/2"]
[WhiteElo "1412"]
[BlackElo "1494"]
[PlyCount "77"]
[EventDate "2019.06.08"]
[EventType "swiss"]
[EventRounds "9"]
[EventCountry "GER"]
[SourceTitle "CBM 191 Extra"]
[Source "ChessBase"]
[SourceDate "2019.09.30"]
[SourceVersion "1"]
[SourceVersionDate "2019.09.30"]
[SourceQuality "1"]

1. d4 Nf6 2. Nf3 d5 3. Bf4 c5 4. e3 e6 5. Nbd2 Bd6 6. Bg3 Bxg3 7. hxg3 cxd4 8. exd4 Nc6 9. c3 Bd7 10. Bd3 h6 11. Qe2 Qc7 12. Ne5 Nxe5 13. dxe5 Ng8 14. Nf3 Ne7 15. g4 0-0-0 16. Nd4 Nc6 17. 0-0 Nxe5 18. Bb5 a6 19. Bxd7+ Rxd7 20. b4 Nc4 21. a4 b6 22. Nb3 Kd8 23. a5 b5 24. Nc5 Rd6 25. Rad1 Re8 26. Qf3 Ne5 27. Qg3 f6 28. Rfe1 Kc8 29. f4 Nd7 30. Nxd7 Qxd7 31. f5 e5 32. Re2 Kb7 33. Red2 Rd8 34. Qe3 Qc6 35. Rd3 Qc4 36. Rxd5 Rxd5 37. Qb6+ Kc8 38. Qxa6+ Kd7 39. Qe6+ 1/2-1/2

[Event "GER-ch U16 Girls"]
[Site "Willingen"]
[Date "2019.06.11"]
[Round "4"]
[White "Genova, Magdalina"]
[Black "Jacoby, Angelina"]
[Result "0-1"]
[WhiteElo "1421"]
[BlackElo "1412"]
[PlyCount "94"]
[EventDate "2019.06.08"]
[EventType "swiss"]
[EventRounds "9"]
[EventCountry "GER"]
[SourceTitle "CBM 191 Extra"]
[Source "ChessBase"]
[SourceDate "2019.09.30"]
[SourceVersion "1"]
[SourceVersionDate "2019.09.30"]
[SourceQuality "1"]

1. c4 e6 2. Nc3 d5 3. cxd5 exd5 4. d4 c6 5. Nf3 Bd6 6. e3 Nf6 7. Bd3 Nbd7 8. 0-0 0-0 9. Rb1 a5 10. a3 Re8 11. Qc2 Nf8 12. b4 Qc7 13. h3 Ng6 14. b5 Be6 15. Ra1 Qd7 16. Ng5 Nf8 17. bxc6 bxc6 18. Na4 Qc7 19. Nxe6 Nxe6 20. Nc5 Nd8 21. a4 Qe7 22. Ba3 h6 23. Be2 Ne4 24. Qc1 Nxc5 25. Bxc5 Bxc5 26. Qxc5 Qxc5 27. dxc5 Rb8 28. Rab1 Ne6 29. Rxb8 Rxb8 30. Rc1 Rb4 31. Ba6 Rxa4 32. Bb7 Rc4 33. Rxc4 dxc4 34. Bxc6 Nxc5 35. Kf1 a4 36. Bd5 Nb3 37. Bxc4 Nd2+ 38. Ke1 Nxc4 39. Kd1 Kf8 40. Kc2 Ke7 41. Kc3 a3 42. Kb3 Kd6 43. g3 Ke5 44. f3 Nxe3 45. Kxa3 Nf1 46. f4+ Ke4 47. g4 Kxf4 0-1

[Event "GER-chT U20 Girls"]
[Site "Osnabrueck"]
[Date "2018.12.29"]
[Round "5.2"]
[White "Jacoby, Angelina"]
[Black "Joers, Pia Milena"]
[Result "0-1"]
[WhiteElo "1259"]
[BlackElo "1586"]
[PlyCount "36"]
[EventDate "2018.12.27"]
[EventType "team-swiss"]
[EventRounds "7"]
[EventCountry "GER"]
[SourceTitle "CBM 188 Extra"]
[Source "ChessBase"]
[SourceDate "2019.02.28"]
[SourceVersion "1"]
[SourceVersionDate "2019.02.28"]
[SourceQuality "1"]
[WhiteTeam "Leegebruch"]
[BlackTeam "Guestrow/Teterow"]
[WhiteTeamCountry "GER"]
[BlackTeamCountry "GER"]

1. d4 Nf6 2. Nf3 e6 3. e3 d5 4. Bd3 Nbd7 5. Nbd2 c5 6. c3 Be7 7. 0-0 0-0 8. e4 dxe4 9. Nxe4 b6 10. Bf4 Bb7 11. Re1 cxd4 12. Nxf6+ Nxf6 13. Nxd4 Bd6 14. Bxd6 Qxd6 15. Nxe6 Qc6 16. Nf4 g5 17. f3 gxf4 18. Re7 Qc5+ 0-1

[Event "GER-chT U20 Girls"]
[Site "Osnabrueck"]
[Date "2018.12.29"]
[Round "6.2"]
[White "Moses, Selina"]
[Black "Jacoby, Angelina"]
[Result "1-0"]
[WhiteElo "1922"]
[BlackElo "1259"]
[PlyCount "141"]
[EventDate "2018.12.27"]
[EventType "team-swiss"]
[EventRounds "7"]
[EventCountry "GER"]
[SourceTitle "CBM 188 Extra"]
[Source "ChessBase"]
[SourceDate "2019.02.28"]
[SourceVersion "1"]
[SourceVersionDate "2019.02.28"]
[SourceQuality "1"]
[WhiteTeam "Muldental Wilkau Hasslau"]
[BlackTeam "Leegebruch"]
[WhiteTeamCountry "GER"]
[BlackTeamCountry "GER"]

1. e4 g6 2. d4 d6 3. Nc3 Bg7 4. f4 e6 5. Nf3 Ne7 6. Be3 Nd7 7. Bd3 b6 8. Qd2 Bb7 9. 0-0 0-0 10. Ng5 h6 11. Nh3 Kh7 12. f5 exf5 13. exf5 Nf6 14. fxg6+ fxg6 15. Nf4 Qd7 16. h3 Bc8 17. Rf3 Qe8 18. Nb5 Nfd5 19. Raf1 Bf5 20. c4 Nxf4 21. Rxf4 Qd7 22. Be2 a6 23. Nc3 Be6 24. d5 Rxf4 25. Rxf4 Bg8 26. Bd3 Rf8 27. Rh4 Nf5 28. Bxf5 Qxf5 29. Bxh6 Qf1+ 30. Kh2 Be5+ 31. Bf4+ Kg7 32. Bxe5+ dxe5 33. Qh6+ Kf7 34. Qg5 Qf6 35. Qxf6+ Kxf6 36. Ne4+ Kf5 37. Ng3+ Kf6 38. Re4 Bh7 39. Re1 g5 40. Ne4+ Kg6 41. Kg3 Kh5 42. Nd2 Re8 43. Nf3 e4 44. Nd4 Re7 45. b4 Bg6 46. Re3 Kh6 47. Kg4 Rf7 48. Kg3 Re7 49. Kf2 Kh5 50. g4+ Kh6 51. Kg3 Rf7 52. Ne6 Re7 53. h4 gxh4+ 54. Kxh4 Rf7 55. Nd4 Rf2 56. Re2 Rxe2 57. Nxe2 e3 58. Nf4 Bc2 59. g5+ Kg7 60. Kg3 Bb1 61. a3 Ba2 62. c5 bxc5 63. bxc5 e2 64. Kf2 Bc4 65. Ne6+ Kg6 66. Nxc7 Kxg5 67. d6 Kf6 68. c6 Kf7 69. Na8 Ke6 70. c7 Kd7 71. Nb6+ 1-0

[Event "GER-ch U14 Girls"]
[Site "Willingen"]
[Date "2018.05.25"]
[Round "8"]
[White "Zixin, Li"]
[Black "Jacoby, Angelina"]
[Result "0-1"]
[WhiteElo "987"]
[BlackElo "1444"]
[PlyCount "114"]
[EventDate "2018.05.19"]
[EventType "swiss"]
[EventRounds "9"]
[EventCountry "GER"]
[SourceTitle "CBM 184 Extra"]
[Source "ChessBase"]
[SourceDate "2018.06.28"]
[SourceVersion "1"]
[SourceVersionDate "2018.06.28"]
[SourceQuality "1"]

1. e4 d5 2. exd5 Qxd5 3. Nc3 Qa5 4. d4 c6 5. Bd2 Qc7 6. Nf3 Nf6 7. Bc4 Bf5 8. Ne5 e6 9. Qe2 h5 10. 0-0-0 Nbd7 11. Nxd7 Qxd7 12. d5 0-0-0 13. dxe6 Bxe6 14. Bg5 Bxc4 15. Rxd7 Bxe2 16. Rxd8+ Kxd8 17. Nxe2 Be7 18. Rd1+ Kc7 19. f3 Rd8 20. Nf4 Rxd1+ 21. Kxd1 g6 22. g3 Ng8 23. Bxe7 Nxe7 24. Kd2 Nf5 25. Kd3 Kd6 26. Ke4 Ng7 27. a3 Ne8 28. Nd3 Nf6+ 29. Kf4 Nd7 30. Kg5 Ne5 31. Kf6 Nxf3 32. Kxf7 Nxh2 33. Kxg6 Nf1 34. Kxh5 Nxg3+ 35. Kg4 Ne2 36. Ne1 Nd4 37. Kf4 Kc5 38. Ke3 Kc4 39. Kd2 c5 40. a4 Kd5 41. b3 b6 42. Kd3 a6 43. c4+ Ke5 44. Kc3 Ke4 45. Ng2 Ne2+ 46. Kb2 Kd4 47. Nh4 Nc3 48. Nf5+ Kd3 49. Nd6 Kd2 50. Nb7 Ne4 51. Ka2 Kc3 52. Ka3 Nd2 53. Nd6 Nxb3 54. Ne4+ Kxc4 55. Nd6+ Kd5 56. Kxb3 Kxd6 57. Kc4 Kc6 0-1

[Event "GER-ch U14 Girls"]
[Site "Willingen"]
[Date "2018.05.20"]
[Round "2"]
[White "Fuchs, Emily"]
[Black "Jacoby, Angelina"]
[Result "0-1"]
[WhiteElo "1609"]
[BlackElo "1444"]
[PlyCount "120"]
[EventDate "2018.05.19"]
[EventType "swiss"]
[EventRounds "9"]
[EventCountry "GER"]
[SourceTitle "CBM 184 Extra"]
[Source "ChessBase"]
[SourceDate "2018.06.28"]
[SourceVersion "1"]
[SourceVersionDate "2018.06.28"]
[SourceQuality "1"]

1. e4 d5 2. exd5 Qxd5 3. Nc3 Qa5 4. d4 c6 5. Bd2 Qc7 6. Nf3 Nf6 7. Be2 Bf5 8. Ne5 e6 9. f4 Nbd7 10. g4 Be4 11. Nxe4 Nxe4 12. Bf3 Nxd2 13. Qxd2 Bd6 14. Qg2 Nb6 15. 0-0-0 0-0-0 16. Kb1 f6 17. Nd3 Bxf4 18. Rhe1 Rhe8 19. Re4 e5 20. Rde1 Qf7 21. dxe5 Bxe5 22. Nxe5 fxe5 23. Rxe5 Nc4 24. Rxe8 Rxe8 25. Rxe8+ Qxe8 26. a3 Qe1+ 27. Ka2 Nd2 28. a4 Qb1+ 29. Ka3 Qa1+ 30. Kb4 Qxb2+ 31. Kc5 Qa3+ 32. Kd4 Nxf3+ 33. Ke4 Ng5+ 34. Kf4 Qc5 35. h4 Ne6+ 36. Kg3 Qd6+ 37. Kf3 Qd5+ 38. Kf2 Qxg2+ 39. Kxg2 Kc7 40. Kf2 Kd6 41. Ke3 Ke5 42. c4 Nc5 43. a5 Nb3 44. a6 bxa6 45. h5 Na5 46. c5 Nb3 47. g5 Nxc5 48. h6 g6 49. Kf3 a5 50. Ke3 a4 51. Kd2 Kf5 52. Kc2 Kxg5 53. Kb2 Kf4 54. Kc2 g5 55. Kd2 g4 56. Ke1 a3 57. Kf2 a2 58. Kg2 a1Q 59. Kh2 Qa2+ 60. Kg1 Kf3 0-1

[Event "EU Union-ch U14 15th"]
[Site "Mureck"]
[Date "2017.08.08"]
[Round "7"]
[White "Jacoby, Angelina"]
[Black "Bevanda, Ema"]
[Result "0-1"]
[WhiteElo "1216"]
[BlackElo "1582"]
[PlyCount "64"]
[EventDate "2017.08.02"]
[EventType "swiss"]
[EventRounds "9"]
[EventCountry "AUT"]
[SourceTitle "CBM 180 Extra"]
[Source "ChessBase"]
[SourceDate "2017.10.06"]
[SourceVersion "1"]
[SourceVersionDate "2017.10.06"]
[SourceQuality "1"]

1. d4 d5 2. e3 e6 3. f4 Nf6 4. Nf3 c5 5. c3 Nc6 6. Bd3 a6 7. Nbd2 b5 8. Ne5 Nxe5 9. fxe5 Nd7 10. 0-0 g6 11. Qf3 Qe7 12. Qf2 Bg7 13. Nf3 0-0 14. Qe2 Bb7 15. Bd2 Rac8 16. Be1 f6 17. exf6 Bxf6 18. Bf2 Rf7 19. e4 c4 20. Bc2 e5 21. Rfe1 Re8 22. exd5 Bxd5 23. dxe5 Nxe5 24. Nxe5 Bxe5 25. Qd1 Qb7 26. Qg4 Qc7 27. g3 Ref8 28. Rf1 Qc6 29. Bd4 Bxd4+ 30. Qxd4 Qe6 31. Rxf7 Qxf7 32. Qd1 Qf2# 0-1

[Event "GER-ch U14 Girls"]
[Site "Willingen"]
[Date "2017.06.10"]
[Round "9"]
[White "Albert, Eske"]
[Black "Jacoby, Angelina"]
[Result "1-0"]
[WhiteElo "1345"]
[BlackElo "1425"]
[PlyCount "105"]
[EventDate "2017.06.04"]
[EventType "swiss"]
[EventRounds "9"]
[EventCountry "GER"]
[SourceTitle "CBM 178 Extra"]
[Source "ChessBase"]
[SourceDate "2017.06.22"]
[SourceVersion "1"]
[SourceVersionDate "2017.06.22"]
[SourceQuality "1"]

1. e4 d5 2. exd5 Qxd5 3. Nc3 Qa5 4. d4 c6 5. Nf3 Nf6 6. Bd3 Bg4 7. h3 Bh5 8. Bf4 e6 9. 0-0 Qd8 10. Be2 Bg6 11. Ne5 Bd6 12. Nxg6 hxg6 13. Qd2 Qc7 14. Bxd6 Qxd6 15. Qe3 Nbd7 16. Bf3 Nb6 17. Ne2 0-0-0 18. a4 Nfd5 19. Bxd5 Nxd5 20. Qa3 Qc7 21. a5 g5 22. Qg3 Qxg3 23. Nxg3 Rh4 24. c3 Rdh8 25. Rfe1 g4 26. hxg4 Rxg4 27. Re4 Rxe4 28. Nxe4 Kd7 29. Nc5+ Kc7 30. g3 Nf6 31. f3 Rh5 32. Kg2 Nd7 33. Nxd7 Kxd7 34. b4 Kd6 35. c4 Rh8 36. f4 f6 37. Re1 Rd8 38. g4 Rd7 39. Kf3 Re7 40. f5 exf5 41. c5+ Kd7 42. Rxe7+ Kxe7 43. gxf5 Kf7 44. Ke4 g6 45. Kf4 g5+ 46. Kg4 a6 47. Kh5 Kg7 48. Kg4 Kh6 49. b5 cxb5 50. d5 Kg7 51. c6 bxc6 52. dxc6 Kf7 53. c7 1-0